000 01198cam a2200301 a 4500
005 20260206104302.0
008 940321r19941959nyu 000 1 eng
020 _a0385474547
_qpbk.
020 _a9780385474542
_q(pbk.)
040 _aKABLIB
_cKABLIB
_erda
082 0 0 _a823
_223
_bACH
100 1 _aAchebe, Chinua.
_95902
245 1 0 _aThings fall apart /
_cChinua Achebe.
250 _a1st Anchor Books ed.
260 _aNew York :
_bAnchor Books,
_cc1994.
300 _a209 p. ;
_c21 cm.
650 0 _aIgbo (African people)
_vFiction.
_915502
650 0 _aBritish
_zNigeria
_vFiction.
_915503
650 0 _aMen
_zNigeria
_vFiction.
_915504
650 0 _aRace relations
_vFiction.
_915505
651 0 _aNigeria
_vFiction.
_914781
655 7 _aHistorical fiction.
_2gsafd
_95940
655 7 _aFiction.
_2lcgft
_0https://id.loc.gov/authorities/genreForms/gf2014026339
_92363
856 4 2 _3Publisher description
_uhttp://www.loc.gov/catdir/description/random046/94013429.html
856 4 2 _3Contributor biographical information
_uhttp://www.loc.gov/catdir/enhancements/fy0744/94013429-b.html
856 4 1 _3Sample text
_uhttp://www.loc.gov/catdir/enhancements/fy0811/94013429-s.html
942 _2ddc
_cBOOK
999 _c6100
_d6100